000 00268nam a2200097Ia 4500
001 769185
005 20250826165432.0
008 250824s9999 xx 000 0 und d
245 0 _aİYİLİK VE YARDIM ÖYKÜLERİ
_cSAİDE NUR DİKMEN
260 _bUĞUR BÖCEĞİ YAYINLARI
999 _c769185
_d769185